| 000 -LEADER |
| fixed length control field |
01385nam a2200217Ia 4500 |
| 001 - CONTROL NUMBER |
| control field |
17705 |
| 003 - CONTROL NUMBER IDENTIFIER |
| control field |
GE_BSU |
| 008 - FIXED-LENGTH DATA ELEMENTS--GENERAL INFORMATION |
| fixed length control field |
181216s||||||||xx |||||||||||||| ||und|| |
| 020 ## - INTERNATIONAL STANDARD BOOK NUMBER |
| International Standard Book Number |
978-9941-429-20-0 |
| 040 ## - CATALOGING SOURCE |
| Transcribing agency |
GE_BSU |
| 080 ## - UNIVERSAL DECIMAL CLASSIFICATION NUMBER |
| Universal Decimal Classification number |
579.66(073) |
| 100 ## - MAIN ENTRY--PERSONAL NAME |
| Personal name |
ლორთქიფანიძე, როზა |
| 245 ## - TITLE STATEMENT |
| Title |
ნაყოფიერების გაუმჯობესება და თხილის გაშენების ტექნოლოგიები სამეგრელოსა და იმერეთის ალუვიურ ნიადაგებზე = Technologies of nut cultivation and productivity improvement in Samegrelo and Imereti alluvial soils |
| 260 ## - PUBLICATION, DISTRIBUTION, ETC. |
| Place of publication, distribution, etc. |
ქუთაისი |
| 260 ## - PUBLICATION, DISTRIBUTION, ETC. |
| Name of publisher, distributor, etc. |
(შპს "მბმ-პოლიგრაფი") |
| 260 ## - PUBLICATION, DISTRIBUTION, ETC. |
| Date of publication, distribution, etc. |
2012 |
| 300 ## - PHYSICAL DESCRIPTION |
| Extent |
106გვ. : სურ. ; 20სმ |
| 653 ## - INDEX TERM--UNCONTROLLED |
| Uncontrolled term |
თხილის კულტურა საქართველოში; თხილის ნაყოფიერების გაუმჯობესება |
| 653 ## - INDEX TERM--UNCONTROLLED |
| Uncontrolled term |
ნაყოფიერების გაუმჯობესება და თხილის გაშენების ტექნოლოგიები სამეგრელოსა და იმერეთის ალუვიურ ნიადაგებზე |
| 942 ## - ADDED ENTRY ELEMENTS (KOHA) |
| Koha item type |
წიგნი |